00416 2200169 4500001002100000005001500021008004100036035001900077041000700096082000800103090001400111100001600125245002600141260004200167300002000209650001700229INLIS00000000001835520241224115504241224||||||||| | ||| |||| || |  0010-1224018355 aid0 a813 a813 BLY k0 aEnid Blyton00aKOMPLOTAN BAWAH TANAH aJakartabGramedia Pustaka Utamac1991 a284hlm;11x18 cm 0aKesusastraan